| 000 | 00775cam a22002898i 4500 | ||
|---|---|---|---|
| 001 | 4435317 | ||
| 003 | ARRUPE | ||
| 005 | 20131001165740.0 | ||
| 008 | 781214s1979 cau b 000 0 eng | ||
| 010 | _a78015839 | ||
| 020 | _a0060647744 | ||
| 035 | _a(OCoLC)4570561 | ||
| 035 | _a(OCoLC)ocm04570561 | ||
| 035 | _a(NNC)4435317 | ||
| 040 |
_aDLC _cDLC _dNNUT |
||
| 050 | 0 |
_aBT825 _b.K68 1979 |
|
| 100 | 1 |
_aKreeft, Peter. _91953 |
|
| 245 | 1 | 0 |
_aLove is stronger than death / _cPeter J. Kreeft. |
| 250 | _a1st ed. | ||
| 260 |
_aSan Francisco : _bHarper & Row, _cc1979. |
||
| 263 | _a7904 | ||
| 300 |
_axix, 121 p. ; _c21 cm. |
||
| 504 | _aIncludes bibliographical references. | ||
| 650 | 0 |
_aDeath _vMeditations. _91954 |
|
| 942 |
_2lcc _cMONOGRAPH |
||
| 999 |
_c118209 _d118209 |
||